|
|
|
|
| LEADER |
00000cam a22000004a 4500 |
| 001 |
musev2_69019 |
| 003 |
MdBmJHUP |
| 005 |
20230905051132.0 |
| 006 |
m o d |
| 007 |
cr||||||||nn|n |
| 008 |
080908s2008 ncu o 00 0 eng d |
| 020 |
|
|
|a 9780822391302
|
| 020 |
|
|
|z 9780822342274
|
| 020 |
|
|
|z 9780822342090
|
| 035 |
|
|
|a (OCoLC)1139354661
|
| 040 |
|
|
|a MdBmJHUP
|c MdBmJHUP
|
| 100 |
1 |
|
|a Cattelino, Jessica R.,
|e author.
|
| 240 |
1 |
0 |
|a High stakes.
|f 2008
|
| 245 |
1 |
0 |
|a High Stakes :
|b Florida Seminole Gaming and Sovereignty /
|c Jessica R. Cattelino.
|
| 264 |
|
1 |
|a Durham :
|b Duke University Press,
|c 2008.
|
| 264 |
|
3 |
|a Baltimore, Md. :
|b Project MUSE,
|c 2020
|
| 264 |
|
4 |
|c ©2008.
|
| 300 |
|
|
|a 1 online resource (310 pages).
|
| 336 |
|
|
|a text
|b txt
|2 rdacontent
|
| 337 |
|
|
|a computer
|b c
|2 rdamedia
|
| 338 |
|
|
|a online resource
|b cr
|2 rdacarrier
|
| 505 |
0 |
|
|a Introduction: Seminole gaming in the Sunshine State -- 1. Casino roots -- 2. Cultural currencies -- 3. Fungibility: the politics of casino money -- Interlude: Mateo Romero's Indian gaming -- 4. Rebuilding sovereignty -- 5. Sovereign interdependencies -- Conclusion: Betting on the house.
|
| 520 |
|
|
|a Ethnography that looks at how the casinos run by the Florida Seminoles have affected the tribe's ideas about sovereignty and cultural distinctiveness.
|
| 588 |
|
|
|a Description based on print version record.
|
| 651 |
|
7 |
|a Seminolen.
|2 swd
|
| 651 |
|
7 |
|a Florida.
|2 gtt
|
| 651 |
|
7 |
|a Florida
|2 gnd
|
| 651 |
|
7 |
|a Florida.
|2 fast
|0 (OCoLC)fst01205150
|
| 651 |
|
7 |
|a Seminole Tribe of Florida.
|2 fast
|0 (OCoLC)fst01713301
|
| 651 |
|
0 |
|a Seminole Tribe of Florida.
|
| 650 |
|
7 |
|a reserve (anthropologie)
|x Seminole (peuple)
|z Floride (Etats-Unis)
|2 rero
|
| 650 |
1 |
7 |
|a Gokken.
|2 gtt
|
| 650 |
1 |
7 |
|a Indianen.
|2 gtt
|
| 650 |
|
7 |
|a Glücksspiel
|2 gnd
|
| 650 |
|
7 |
|a Selbstverwaltung
|2 gnd
|
| 650 |
|
7 |
|a Tribal government.
|2 fast
|0 (OCoLC)fst01156472
|
| 650 |
|
7 |
|a Seminole Indians
|x Government relations.
|2 fast
|0 (OCoLC)fst01112313
|
| 650 |
|
7 |
|a Seminole Indians
|x Economic conditions.
|2 fast
|0 (OCoLC)fst01112309
|
| 650 |
|
7 |
|a Self-determination, National.
|2 fast
|0 (OCoLC)fst01111610
|
| 650 |
|
7 |
|a Indians of North America
|x Gambling.
|2 fast
|0 (OCoLC)fst00969753
|
| 650 |
|
7 |
|a Gambling on Indian reservations.
|2 fast
|0 (OCoLC)fst00937439
|
| 650 |
|
7 |
|a SOCIAL SCIENCE
|x Anthropology
|x Cultural.
|2 bisacsh
|
| 650 |
|
7 |
|a HISTORY
|z North America.
|2 bisacsh
|
| 650 |
|
7 |
|a HISTORY
|x Americas (North, Central, South, West Indies)
|2 bisacsh
|
| 650 |
|
6 |
|a Droit des peuples à disposer d'eux-mêmes
|z Floride.
|
| 650 |
|
6 |
|a Gouvernement tribal
|z Floride.
|
| 650 |
|
6 |
|a Jeux de hasard dans les reserves indiennes
|z Floride.
|
| 650 |
|
6 |
|a Seminoles (Indiens)
|z Floride
|x Conditions economiques.
|
| 650 |
|
6 |
|a Seminoles (Indiens)
|z Floride
|x Relations avec l'État.
|
| 650 |
|
0 |
|a Self-determination, National
|z Florida.
|
| 650 |
|
0 |
|a Tribal government
|z Florida.
|
| 650 |
|
0 |
|a Indians of North America
|x Gambling
|z Florida.
|
| 650 |
|
0 |
|a Gambling on Indian reservations
|z Florida.
|
| 650 |
|
0 |
|a Seminole Indians
|z Florida
|x Economic conditions.
|
| 650 |
|
0 |
|a Seminole Indians
|z Florida
|x Government relations.
|
| 655 |
|
7 |
|a Electronic books.
|2 local
|
| 710 |
2 |
|
|a Project Muse.
|e distributor
|
| 830 |
|
0 |
|a Book collections on Project MUSE.
|
| 856 |
4 |
0 |
|z Texto completo
|u https://projectmuse.uam.elogim.com/book/69019/
|
| 945 |
|
|
|a Project MUSE - Custom Collection
|